International Business: The Challenge of Global Competition (Record no. 4347)

MARC details
005 - DATE AND TIME OF LATEST TRANSACTION
control field 20250619070406.0
020 ## - INTERNATIONAL STANDARD BOOK NUMBER
International Standard Book Number 978-0-07-353016-1
100 ## - MAIN ENTRY--PERSONAL NAME
Author name BALL, D. A
245 ## - TITLE STATEMENT
Title International Business: The Challenge of Global Competition
260 ## - PUBLICATION, DISTRIBUTION, ETC.
Place of publication, distribution, etc. Mcgraw-Hill Irwin
Name of publisher, distributor, etc. New York
Date of publication, distribution, etc. 2008
300 ## - PHYSICAL DESCRIPTION
Extent xxxii, 623p.: ill; Figure, Graph Map
Other physical details Grossary & Index
Dimensions 28cm
700 ## - ADDED ENTRY--PERSONAL NAME
Other authors/Editors MCCULLOCH, W
942 ## - ADDED ENTRY ELEMENTS (KOHA)
Source of classification or shelving scheme Dewey Decimal Classification
Koha item type Books
Holdings
Date last seen Total checkouts Full call number Barcode Cost, replacement price Price effective from Koha item type Lost status Source of classification or shelving scheme Damaged status Not for loan Withdrawn status Home library Current library Shelving location Date acquired Source of acquisition Cost, normal purchase price
06/19/2025   658.18 BAL MBY000354 210000.00 06/19/2025 Books   Dewey Decimal Classification       CBE MBEYA CBE MBEYA General Collection 07/09/2021 PURCHASE 70000.00